Canciones Quevedo 2023 - Estadísticas

Estadísticas generales
  • Esta prueba ha sido intentada 1.015 veces
    1.009 desde el último reinicio
  • La puntuación promedio es 21 de 35
Estadísticas de respuestas
Hint Feat. Respuesta % Correcto
DONDE QUIERO ESTAR ft. Myke Towers PLAYA DEL INGLÉS
89%
FEATURINGS ft. Lola Indigo EL TONTO
82%
DONDE QUIERO ESTAR ft. Omar Montes DAME
76%
DONDE QUIERO ESTAR - DONDE QUIERO ESTAR
76%
DONDE QUIERO ESTAR ft. JC Reyes MUÑECA
76%
FEATURINGS ft. SAIKO, Feid, Mora POLARIS - Remix
74%
DONDE QUIERO ESTAR ft. Cruz Cafuné INTRO - SPEECH CRUZZI
72%
FEATURINGS ft. Anuel AA, Maluma, Mambo Kingz, DJ Luian OA
71%
DONDE QUIERO ESTAR ft. Ovy On The Drums SIN SEÑAL
71%
FEATURINGS ft. SAIKO Buenas
70%
DONDE QUIERO ESTAR - WANDA
69%
DONDE QUIERO ESTAR - LISBOA
68%
DONDE QUIERO ESTAR - YANKEE
68%
DONDE QUIERO ESTAR - AHORA QUÉ
66%
DONDE QUIERO ESTAR - PUNTO G
66%
DONDE QUIERO ESTAR - LUCES AZULES
65%
FEATURINGS ft. Maikel Delacalle Mi Nena Remix
65%
DONDE QUIERO ESTAR - VISTA AL MAR
65%
FEATURINGS ft. KAROL G PERO TÚ
63%
FEATURINGS ft. Soge Culebra, GARABATTO NO PIENSO LLAMAR
60%
DONDE QUIERO ESTAR - CUÉNTALE
59%
DONDE QUIERO ESTAR - ME FALTA ALGO
59%
FEATURINGS ft. Jhayco Mami Chula
58%
FEATURINGS ft. Cruz Cafuné Sangre y Fe
57%
DONDE QUIERO ESTAR - ÉRAMOS DOS
55%
FEATURINGS ft. Álvaro Díaz QUIZÁS SI QUIZÁS NO
54%
SINGLES - Columbia
53%
FEATURINGS ft. ABHIR CA' MANOLO
48%
FEATURINGS ft. Duki don't liE
48%
FEATURINGS ft. De La Ghetto My Love
41%
FEATURINGS ft. J Balvin, Omar Courtz, YOVNGCHIMI En Alta
40%
FEATURINGS ft. Arcángel Los Roques
38%
FEATURINGS ft. YSY A LUGARES QUE LLEGO
36%
FEATURINGS ft. Ovy On The Drums, Yandel GANGSTER (PQFNEDG)
30%
FEATURINGS ft. DJ Saot ST, BlueFire QUEVEDO #49 AFTER HOUR THE MIXTAPE
26%
No se encontraron pruebas coincidentes
Distribución de puntuación
Porcentaje de gente con cada puntuación
Porcentaje por número respondido
Historial de tus puntuaciones
No has intentado esta prueba desde el último reinicio